| 000 | 00630nam a2200205 a 4500 | ||
|---|---|---|---|
| 003 | OSt | ||
| 005 | 20240227093728.0 | ||
| 008 | 180221t2016 pk | |||| 00| j urd d | ||
| 020 | _a9789693520491 | ||
| 040 | _c0 | ||
| 082 |
_a891.4393 _bINT 2016 |
||
| 100 | 1 |
_aانتظارحسين _947098 |
|
| 245 | 1 | 0 |
_aآخری آدمی _cIntizar Husain |
| 246 | _aAakhari Aadmi | ||
| 260 |
_aLahore: _bSang e Meel Pub; _c2016. |
||
| 300 | _a160 p. | ||
| 650 |
_aUrdu literature _vShort Stories. _91444 |
||
| 942 |
_2ddc _cBK _aSADA _k891.4393 INT 2016 |
||
| 999 |
_c608280 _d608280 |
||